000 01376nam0a2200385 4500
001 RU\NLR\bibl\133604
005 20250618042318.0
010 _a985-6329-32-9
_93000
021 _aRU
_b2000-34771
_91613
035 _a(NLR Aleph) 000130869
090 _a747380
_c747380
100 _a20010205d2000 |||y0rusy50 ca
101 1 _arus
102 _aRU
_aBY
105 _ay |||||||||
200 1 _aАнтология гендерной теории
_e[Сб. пер.]
_fСост., коммент. Е. Гаповой, А. Усмановой
210 _aМинск
_cПропилеи
_aМ.
_cСайгония
_d2000
215 _a383 с.
_d21
300 _aНа авантитуле в вых. дан.: Европ. гуманитар. ун-т, Центр гендер. исслед.
320 _aБиблиогр. в конце ст.
606 0 _aГендерные исследования
_92078811
_3RU\NLR\auth\661254676
610 0 _aЖенский вопрос
675 _a316.346.2-055
_v3
_zrus
686 _a04
_2rugasnti
686 _a60.54
_2rubbk
686 _aС550.53
701 1 _aГапова
_bЕ. И.
_gЕлена Ильинична
_4070
801 0 _aRU
_bRKP
_c20010205
_gPSBO
801 1 _aRU
_bRKP
_c20010205
801 2 _aRU
_bNLR
_c20010301
_grcr
852 _aNLR
_j2001-5/53
942 _cBOOK
980 _aNB